Statistics for Towns and cities: guess the region (10)

Click here to take the quiz!

General Stats

  • This quiz has been taken 9 times
  • The average score is 12 of 20

Answer Stats

HintAnswer% Correct
WashingtonDistrict of Columbia
100%
KrakówLesser Poland
100%
BolognaEmilia-Romagna
88%
GuiyangGuizhou
88%
BhopalMadhya Pradesh
88%
VladivostokPrimorsky Krai
88%
MéridaYucatán
88%
SalvadorBahia
75%
HurghadaRed Sea
75%
ColumbiaSouth Carolina
75%
PalembangSouth Sumatra
75%
YellowknifeNorthwest Territories
63%
BigatjelangAilinglaplap Atoll
38%
KarakolIssyk-Kul
38%
AyutuxtepequeSan Salvador
38%
MbandakaÉquateur
25%
Pett BottomKent
25%
KentWashington
25%
CarolinaMpumalanga
13%
N'GassolaSégou
13%

Score Distribution

Percentile by Number Answered

Percent of People with Each Score

Your Score History

You have not taken this quiz